[Event "Druzynowe Mistrzostwa Polski - II liga"]
[Site "Sypniewo k. Jastrowia"]
[Date "1899-12-30"]
[Round "5.20"]
[White "Gola, Karol"]
[Black "Kacprzak, Karol"]
[Result "1/2-1/2"]
[WhiteTitle "k"]
[BlackTitle "k"]
[WhiteElo "2174"]
[BlackElo "2200"]

1. e4 c5 2. Nf3 d6 3. Bb5+ Bd7 4. Bxd7+ Qxd7 5. O-O Nf6 6. Re1 Nc6 7. c3 e6 8.
d4 cxd4 9. cxd4 d5 10. e5 Ne4 11. Nbd2 Nxd2 12. Bxd2 Be7 13. Rc1 O-O 14. Rc3 Rac8
15. a3 Rc7 16. Qc2 Rfc8 17. Rc1 h6 18. h3 Bd8 19. Qd3 a6 20. R3c2 Na7 21. Rxc7
Rxc7 22. Rxc7 Bxc7 23. Qc3 Bb6 24. Be3 Qa4 25. Nd2 Nc6 26. Qb3 Qxb3 27. Nxb3 Kf8
28. Kf1 Ke7 29. Ke2 Kd7 1/2-1/2

[Event "Druzynowe Mistrzostwa Polski - II liga"]
[Site "Sypniewo k. Jastrowia"]
[Date "1899-12-30"]
[Round "5.21"]
[White "Kacprzak, Kacper"]
[Black "Szolc, Grzegorz"]
[Result "1/2-1/2"]
[WhiteTitle "k"]
[BlackTitle "I++"]
[WhiteElo "2229"]
[BlackElo "2036"]

1. d4 f5 2. g3 Nf6 3. Bg2 g6 4. Nf3 Bg7 5. O-O d6 6. b3 O-O 7. Bb2 c6 8. c4 Qe8
9. Re1 Ne4 10. Nc3 Nxc3 11. Bxc3 e5 12. dxe5 dxe5 13. e4 f4 14. Qd6 Nd7 15. Rad1
h6 16. Rd3 g5 17. Bh3 fxg3 18. hxg3 1/2-1/2

[Event "Druzynowe Mistrzostwa Polski - II liga"]
[Site "Sypniewo k. Jastrowia"]
[Date "1899-12-30"]
[Round "5.22"]
[White "Kalmuk, Krzysztof"]
[Black "Poltorak, Sebastian"]
[Result "0-1"]
[WhiteTitle "I++"]
[BlackTitle "k"]
[WhiteElo "1983"]
[BlackElo "2264"]

1. d4 Nf6 2. c4 g6 3. f3 d5 4. cxd5 Nxd5 5. e4 Nb6 6. Nc3 Bg7 7. Be3 O-O 8. Qd2
Nc6 9. O-O-O e5 10. d5 Nd4 11. f4 Bg4 12. fxe5 Bxd1 13. Bxd4 Bg4 14. h3 Bd7 15.
Nf3 Rc8 16. Kb1 c6 17. d6 Be6 18. Be3 Nd7 19. Bf4 Qa5 20. Nd5 Qxd2 21. Ne7+ Kh8
22. Bxd2 Rcd8 23. Bc3 Nc5 24. Bd4 Nxe4 25. Bd3 Nxd6 26. Bc5 Nc4 27. Bxc4 Bxc4
28. h4 Be2 29. Bd6 Bxf3 30. gxf3 h5 31. f4 Rfe8 32. f5 Rd7 33. Rf1 Rdxe7 34. Bxe7
Rxe7 35. f6 Rxe5 36. fxg7+ Kxg7 0-1

[Event "Druzynowe Mistrzostwa Polski - II liga"]
[Site "Sypniewo k. Jastrowia"]
[Date "1899-12-30"]
[Round "5.23"]
[White "Sowa, Wiktoria"]
[Black "Kukula, Karol"]
[Result "1/2-1/2"]
[WhiteTitle "WFM"]
[BlackTitle "I+"]
[WhiteElo "2016"]
[BlackElo "1821"]

1. e4 c5 2. Nf3 e6 3. b3 Nc6 4. Bb2 Nf6 5. e5 Nd5 6. g3 Be7 7. Bg2 O-O 8. O-O d6
9. exd6 Qxd6 10. Na3 Bf6 11. Bxf6 Nxf6 12. Nc4 Qc7 13. Qe2 Rd8 14. Rfd1 b6 15.
Rac1 Bb7 16. c3 Rac8 17. a4 h6 18. d3 Nd5 19. Nfd2 Nf6 20. Ne4 Nxe4 21. Bxe4 Ne7
22. f4 Bd5 23. Qc2 Nc6 24. Ne3 Bxe4 25. dxe4 Na5 26. e5 Qc6 27. Rxd8+ Rxd8 28.
b4 Nb7 29. Kf2 Rd7 30. Rd1 cxb4 31. Rxd7 Qxd7 32. cxb4 Nd8 33. b5 Nb7 34. f5 exf5
35. Nxf5 Nc5 36. Nd6 Qe6 37. Qf5 Qxf5+ 38. Nxf5 Nxa4 39. Ne7+ Kf8 40. Nc6 Nc5
41. Nxa7 Nd7 42. Nc6 Ke8 43. Ke3 Nc5 44. Kd4 Kd7 45. Kd5 Ne6 46. Nb8+ Kc7 47.
Na6+ Kd7 48. h3 h5 49. Nb8+ Kc7 50. Nc6 Kd7 51. Kc4 Nc7 52. Nd4 g6 53. h4 Ne6
54. Nf3 Nc7 55. Ng5 Ke7 56. Kb4 Nd5+ 57. Kc4 Nc7 58. Kb4 Nd5+ 59. Kc4 Nc7 60.
Kb4 Nd5+ 61. Kc4 Nc7 62. Kb4 1/2-1/2

[Event "Druzynowe Mistrzostwa Polski - II liga"]
[Site "Sypniewo k. Jastrowia"]
[Date "1899-12-30"]
[Round "5.25"]
[White "Brzezinski, Mateusz"]
[Black "Karpus, Michal"]
[Result "1/2-1/2"]
[WhiteTitle "k"]
[BlackTitle "FM"]
[WhiteElo "2189"]
[BlackElo "2179"]

1. Nf3 d5 2. d4 Nf6 3. c4 e6 4. Nc3 Nbd7 5. e3 c6 6. b3 Bd6 7. Bb2 O-O 8. Bd3 b6
9. Qe2 Bb7 10. O-O Qe7 11. e4 dxc4 12. bxc4 e5 13. d5 Ba3 14. dxc6 Bxc6 15. Nd5
Bxd5 16. cxd5 Bxb2 17. Qxb2 Nc5 18. Rad1 Nfxe4 1/2-1/2

[Event "Druzynowe Mistrzostwa Polski - II liga"]
[Site "Sypniewo k. Jastrowia"]
[Date "1899-12-30"]
[Round "5.31"]
[White "Schmidt, Wlodzimierz"]
[Black "Golenia, Jan"]
[Result "1/2-1/2"]
[WhiteTitle "GM"]
[BlackTitle "I++"]
[WhiteElo "2196"]
[BlackElo "2122"]

1. d4 Nf6 2. c4 e6 3. Nc3 Bb4 4. f3 c5 5. d5 d6 6. e4 Nh5 7. Be3 f5 8. exf5 exf5
9. Qd2 O-O 10. Bd3 Bxc3 11. bxc3 Nd7 12. Ne2 Ne5 13. O-O f4 14. Nxf4 Nxf4 15.
Bxf4 Rxf4 16. Bxh7+ Kxh7 17. Qxf4 Qf6 18. Qxf6 gxf6 19. f4 1/2-1/2

[Event "Druzynowe Mistrzostwa Polski - II liga"]
[Site "Sypniewo k. Jastrowia"]
[Date "1899-12-30"]
[Round "5.32"]
[White "Golenia, Wojciech"]
[Black "Smagalski, Slawomir"]
[Result "1/2-1/2"]
[WhiteTitle "k"]
[BlackTitle "I++"]
[WhiteElo "2049"]
[BlackElo "1939"]

1. e4 e5 2. Nf3 Nc6 3. Bc4 Bc5 4. c3 Nf6 5. d4 exd4 6. e5 d5 7. Bb5 Ne4 8. cxd4
Bb4+ 9. Bd2 Bxd2+ 10. Nbxd2 O-O 11. O-O Bd7 12. Bxc6 Bxc6 13. Qb3 a5 14. Rad1
Qe8 15. Qe3 f6 16. exf6 Rxf6 17. Ne5 Nxd2 18. Rxd2 Qe6 19. Rc1 Re8 20. h3 Qf5
21. Qg3 Ree6 22. Ng4 Rf7 23. Ne5 Rff6 24. Qc3 a4 25. Qa5 Rxe5 26. dxe5 Qxe5 27.
Qc5 h6 28. Qc3 Qg5 29. Rd4 Bd7 30. h4 Qf5 31. Qc2 Qe5 32. Qd2 Bc6 33. Re1 Qd6
34. Qb4 Qd7 35. Rf4 Rd6 36. Qd4 Rg6 37. Qe3 Rxg2+ 38. Kf1 Rg6 39. Rd1 Bb5+ 40.
Rd3 c5 41. Qf3 Qd6 42. Rf5 d4 43. Ke1 Bxd3 44. Qxd3 Qe6+ 45. Kd2 c4 46. Qf3 Rf6
47. Rxf6 Qxf6 48. Qd5+ Kf8 49. Qc5+ Ke8 50. Qc8+ Kf7 51. Qxc4+ Kg6 52. Qd3+ Kh5
1/2-1/2

[Event "Druzynowe Mistrzostwa Polski - II liga"]
[Site "Sypniewo k. Jastrowia"]
[Date "1899-12-30"]
[Round "5.33"]
[White "Swiatnicki, Andrzej"]
[Black "Krawczyk, Wojciech"]
[Result "1/2-1/2"]
[WhiteTitle "k"]
[BlackTitle "I++"]
[WhiteElo "1976"]
[BlackElo "2049"]

1. d4 e6 2. e4 d5 3. Nc3 dxe4 4. Nxe4 Bd7 5. Nf3 Nf6 6. Bg5 Be7 7. Nxf6+ Bxf6 8.
Bxf6 Qxf6 9. Ne5 O-O 10. Bd3 Rd8 11. Qe2 Nc6 12. c3 Nxe5 13. dxe5 Qf4 14. Qe4
Qxe4+ 15. Bxe4 Rab8 16. O-O-O b6 17. Rd2 Be8 18. Rxd8 Rxd8 19. Rd1 Rxd1+ 20. Kxd1
h6 21. Kd2 Kf8 22. Kd3 Ke7 23. f4 1/2-1/2

[Event "Druzynowe Mistrzostwa Polski - II liga"]
[Site "Sypniewo k. Jastrowia"]
[Date "1899-12-30"]
[Round "5.34"]
[White "Gawor, Jan Pawel"]
[Black "Smagalski, Jaroslaw"]
[Result "0-1"]
[WhiteTitle "I+"]
[BlackTitle "I"]
[WhiteElo "1890"]
[BlackElo "1850"]

1. e4 Nc6 2. Nf3 d6 3. d4 g6 4. Nc3 Bg7 5. Be3 Nf6 6. h3 O-O 7. Qd2 a6 8. Bh6 d5
9. Bxg7 Kxg7 10. exd5 Nxd5 11. O-O-O b5 12. Be2 Bb7 13. h4 h6 14. h5 Rh8 15. hxg6
fxg6 16. Nh4 e6 17. Bd3 Nce7 18. Ne4 Bc8 19. Nc5 Nf6 20. Rde1 Qd5 21. Kb1 Qd6
22. g4 Nfd5 23. Be4 Rb8 24. Ng2 Nb6 25. f4 Nc4 26. Qd3 e5 27. fxe5 Nxe5 28. dxe5
Qxc5 29. Nf4 Rb6 30. e6 Rd6 31. Qb3 Qc4 32. Qxc4 bxc4 33. Bf3 Rf8 34. Nd5 Nxd5
35. e7 Re8 36. Bxd5 Rxd5 37. Re4 Rd7 38. Rhe1 Bb7 39. R4e3 Bd5 40. a3 c6 41. R1e2
Rd6 42. Re1 Rf6 43. Kc1 Kf7 44. g5 hxg5 45. Rh3 g4 46. Rh4 g3 47. Re2 g2 48. Rxg2
Bxg2 49. b4 c3 50. Kd1 Bf3+ 51. Ke1 Rxe7+ 52. Kf2 Bd5+ 53. Kg3 Rf3+ 54. Kh2 Re2+
55. Kg1 Re1+ 56. Kh2 Rf2+ 57. Kg3 Rg2+ 0-1

[Event "Druzynowe Mistrzostwa Polski - II liga"]
[Site "Sypniewo k. Jastrowia"]
[Date "1899-12-30"]
[Round "5.35"]
[White "Walaszczyk, Witold"]
[Black "Wrona, Florian"]
[Result "1/2-1/2"]
[WhiteTitle "k"]
[BlackTitle "I+"]
[WhiteElo "2019"]
[BlackElo "1581"]

1. d4 Nf6 2. Nf3 g6 3. g3 Bg7 4. Bg2 Nc6 5. O-O d5 6. b3 O-O 7. Bb2 Re8 8. Nbd2
Ne4 9. c4 Be6 10. e3 f5 11. Nxe4 dxe4 12. Nd2 Bf7 13. f4 Nb4 14. Bc3 Nd3 15. Bxe4
Nc5 16. Bg2 Rb8 17. Qc2 Nd7 18. e4 e6 19. e5 c6 20. c5 Ra8 21. Nc4 Bf8 22. b4
a6 23. a4 Qc7 24. Rfb1 b5 25. cxb6 Nxb6 26. Na5 Nd5 27. Bd2 Rec8 28. Qc4 Qb6 29.
Rb3 Rab8 30. Rc1 Be8 31. Rcb1 Rc7 32. h4 h5 33. Bf3 Kh7 34. Kg2 Kh6 35. Be2 Ra7
36. Qd3 Qc7 37. Bf3 Bd7 38. Bxd5 cxd5 39. Rc1 Qb6 40. Ra1 Rc7 41. Rbb1 Be7 42.
Nb3 Rc4 43. Nc5 Bxc5 44. bxc5 Qa7 45. Rxb8 Qxb8 46. Rb1 Qc7 47. Rb6 Rxa4 48. Rxa6
Rxa6 49. Qxa6 Qc6 50. Qa7 Qb5 51. Kf2 Qd3 52. Qxd7 Qxd2+ 1/2-1/2

[Event "Druzynowe Mistrzostwa Polski - II liga"]
[Site "Sypniewo k. Jastrowia"]
[Date "1899-12-30"]
[Round "5.36"]
[White "Czarnecka, Lidia"]
[Black "Bukowska, Katarzyna"]
[Result "1/2-1/2"]
[WhiteTitle "k"]
[BlackTitle "k++"]
[WhiteElo "1889"]
[BlackElo "1844"]

1. e4 e5 2. Nf3 Nc6 3. d4 exd4 4. Nxd4 Nf6 5. Nxc6 bxc6 6. Qe2 Be7 7. e5 Nd5 8.
c4 Nb6 9. Qg4 g6 10. Bh6 Bf8 11. Bxf8 Kxf8 12. Nc3 d6 13. Qe4 Bf5 14. Qxc6 Kg7
15. Be2 Re8 16. O-O Rxe5 17. Qf3 Qe7 18. Bd3 Bxd3 19. Qxd3 Re8 20. Rad1 Kg8 21.
b3 a5 22. h3 Qf8 23. Nb5 Qe7 24. Nd4 Qd7 25. Qc3 a4 26. Rd3 axb3 27. axb3 Nc8
28. Nb5 Qc6 29. Nd4 Qb7 1/2-1/2

[Event "Druzynowe Mistrzostwa Polski - II liga"]
[Site "Sypniewo k. Jastrowia"]
[Date "1899-12-30"]
[Round "5.37"]
[White "Nowak, Kamil"]
[Black "Stysiak, Szymon"]
[Result "1/2-1/2"]
[WhiteTitle "m"]
[BlackTitle "k"]
[WhiteElo "2318"]
[BlackElo "2193"]

1. e4 e6 2. d4 d5 3. Nc3 Bb4 4. e5 c5 5. a3 Bxc3+ 6. bxc3 Qa5 7. Bd2 Qa4 8. Qb1
a6 9. Nf3 Nc6 10. Qb6 c4 11. Qb1 f6 12. g3 Qa5 13. Bg2 Bd7 14. O-O O-O-O 15. Re1
f5 16. a4 Re8 17. Bc1 Nd8 18. Ba3 Bc6 19. Bc5 Qc7 20. Qb4 Nf7 21. Bb6 Qe7 22.
Bc5 Qc7 23. h4 g6 24. Bb6 Qe7 25. Bc5 Qc7 26. Bh3 Ngh6 27. Bb6 Qe7 28. Bc5 Qc7
29. Bb6 Qe7 30. Bc5 Qc7 1/2-1/2

[Event "Druzynowe Mistrzostwa Polski - II liga"]
[Site "Sypniewo k. Jastrowia"]
[Date "1899-12-30"]
[Round "5.38"]
[White "Stanisz, Patryk"]
[Black "Daniel, Damian"]
[Result "1/2-1/2"]
[WhiteTitle "k"]
[BlackTitle "CM"]
[WhiteElo "2138"]
[BlackElo "2165"]

1. Nf3 Nf6 2. g3 d5 3. Bg2 e6 4. O-O Be7 5. d4 b5 6. b3 Bb7 7. Ne5 O-O 8. Nd2 Nbd7
9. Bb2 c5 10. dxc5 Nxc5 11. c4 bxc4 12. bxc4 Rb8 13. Qc2 Qd6 14. cxd5 Bxd5 15.
Ndc4 Qa6 16. Bd4 Rfc8 1/2-1/2

[Event "Druzynowe Mistrzostwa Polski - II liga"]
[Site "Sypniewo k. Jastrowia"]
[Date "1899-12-30"]
[Round "5.39"]
[White "Stankiewicz, Pawel"]
[Black "Kaminski, Piotr"]
[Result "0-1"]
[WhiteTitle "k"]
[BlackTitle "k"]
[WhiteElo "2104"]
[BlackElo "2109"]

1. Nf3 d5 2. g3 Bf5 3. Bg2 c6 4. O-O Nf6 5. d3 e6 6. Nbd2 Bc5 7. b3 O-O 8. Bb2
Nbd7 9. c4 Rc8 10. Rc1 a5 11. Ne5 Nxe5 12. Bxe5 Ng4 13. Ba1 d4 14. Ne4 Bxe4 15.
Bxe4 f5 16. Bg2 Qg5 17. h3 Nf6 18. Rb1 e5 19. Bb2 Rcd8 20. Bc1 f4 21. a3 Nh5 22.
b4 axb4 23. axb4 Bd6 24. b5 Rf6 25. bxc6 bxc6 26. Qe1 e4 27. Bxe4 Qe5 28. Bf3
fxg3 29. fxg3 Nxg3 30. Rf2 Rdf8 31. Bd2 Nf5 32. Rg2 Rg6 33. Qf2 Qh2+ 34. Kf1 Qxh3
35. Rb6 Nh4 0-1

[Event "Druzynowe Mistrzostwa Polski - II liga"]
[Site "Sypniewo k. Jastrowia"]
[Date "1899-12-30"]
[Round "5.40"]
[White "Szmyd, Arkadiusz"]
[Black "Rychlik, Hanna"]
[Result "1-0"]
[WhiteTitle "k"]
[BlackTitle "k"]
[WhiteElo "2083"]
[BlackElo "2040"]

1. e4 c5 2. Nf3 d6 3. d4 cxd4 4. Nxd4 Nf6 5. Nc3 a6 6. Bg5 Nbd7 7. f4 Qc7 8. Qf3
h6 9. Bxf6 Nxf6 10. Nd5 Nxd5 11. exd5 g5 12. f5 Bg7 13. O-O-O h5 14. g3 Bd7 15.
Kb1 Ba4 16. b3 Rc8 17. c4 b5 18. Qd3 bxc4 19. Qxc4 Qxc4 20. Bxc4 Rxc4 21. bxc4
Bxd1 22. Rxd1 Bxd4 23. Rxd4 Kd7 24. Kc2 e5 25. dxe6+ fxe6 26. fxe6+ Kxe6 27. Rd5
Rf8 28. Rxg5 Rf2+ 29. Kb3 Rxh2 30. Ra5 Rh3 31. Rxa6 Rxg3+ 32. Kb4 h4 33. c5 Rd3
34. c6 d5 35. Kc5 Rd2 36. Ra8 Rc2+ 37. Kb6 Rb2+ 38. Kc7 Ke7 39. a4 h3 40. a5 h2
41. Rh8 Ra2 42. Kb6 d4 43. c7 Rb2+ 44. Ka7 Rc2 45. Rxh2 Rxc7+ 46. Kb6 Rc3 47.
Ra2 d3 48. a6 Rc2 49. Ra1 d2 50. a7 Rb2+ 51. Kc5 Rc2+ 52. Kb6 Rb2+ 53. Ka6 d1=Q
54. Rxd1 Ra2+ 55. Kb6 Rb2+ 56. Kc6 Rc2+ 57. Kd5 Ra2 58. Rh1 Kf6 59. Rh7 Kg6 60.
Rc7 Kf6 61. Kc6 Ke6 62. Kb7 Rb2+ 63. Kc8 Ra2 64. Kb8 Kd6 65. Rb7 Kd5 1-0

[Event "Druzynowe Mistrzostwa Polski - II liga"]
[Site "Sypniewo k. Jastrowia"]
[Date "1899-12-30"]
[Round "5.41"]
[White "Borowski, Przemyslaw"]
[Black "Zawierucha, Aleksander"]
[Result "1-0"]
[WhiteTitle "I"]
[BlackTitle "k"]
[WhiteElo "1863"]
[BlackElo "1900"]

1. d4 Nf6 2. Bg5 d5 3. Bxf6 exf6 4. e3 Bd6 5. Bd3 O-O 6. Nd2 c6 7. c3 Re8 8. Qc2
h6 9. Ne2 Nd7 10. O-O-O b5 11. g4 Nb6 12. h4 Bxg4 13. Rdg1 Bxe2 14. Bxe2 Nc4 15.
Rg2 Qa5 16. Rhg1 Bf8 17. Qf5 Ba3 18. Rxg7+ Kf8 19. Rxf7+ Kxf7 20. Qh7+ Ke6 21.
Bg4+ Kd6 22. Qd7# 1-0

[Event "Druzynowe Mistrzostwa Polski - II liga"]
[Site "Sypniewo k. Jastrowia"]
[Date "1899-12-30"]
[Round "5.42"]
[White "Gonsior, Monika"]
[Black "Czaplewska, Klara"]
[Result "1/2-1/2"]
[WhiteTitle "m"]
[BlackTitle "k+"]
[WhiteElo "1971"]
[BlackElo "1863"]

1. e4 c5 2. Nf3 d6 3. d4 cxd4 4. Qxd4 Nc6 5. Bb5 Qa5+ 6. Nc3 Qxb5 7. Nxb5 Nxd4
8. Nfxd4 Kd8 9. c4 Nf6 10. f3 a6 11. Nc3 e5 12. Nc2 Be6 13. b3 Rc8 14. a4 Nd7
15. Rb1 f5 16. Ne3 fxe4 17. Nxe4 Nc5 18. O-O Be7 19. Rd1 Nxe4 20. fxe4 Rf8 21.
Nd5 Bxd5 22. Rxd5 Kd7 23. Ba3 Ke6 24. Rbd1 Rc6 25. g3 Rf3 26. R1d3 Rf7 27. Kg2
1/2-1/2

[Event "Druzynowe Mistrzostwa Polski - II liga"]
[Site "Sypniewo k. Jastrowia"]
[Date "1899-12-30"]
[Round "5.43"]
[White "Osinski, Emil"]
[Black "Rudolf, Michal"]
[Result "0-1"]
[WhiteTitle "k"]
[BlackTitle "FM"]
[WhiteElo "2171"]
[BlackElo "2356"]

1. e4 c5 2. Nf3 d6 3. d4 cxd4 4. Nxd4 Nf6 5. Nc3 a6 6. h3 g6 7. g3 Bg7 8. Bg2 O-O
9. O-O Nc6 10. Nde2 Bd7 11. a4 Rc8 12. g4 Nb4 13. Be3 Be6 14. f4 Bc4 15. Rf2 Re8
16. Ng3 e5 17. g5 Nd7 18. Qxd6 Bf8 19. Qd1 exf4 20. Rxf4 Qxg5 21. Nf5 Qd8 22.
Bd4 Ne5 23. Ne3 Qg5 24. Rf2 Red8 25. Ned5 Nxd5 26. exd5 Bxd5 27. h4 Nf3+ 28. Rxf3
Bxf3 29. hxg5 Bxd1 30. Rxd1 Rc4 31. Bf6 Bc5+ 32. Kh2 Rxd1 33. Nxd1 Rxc2 34. Kh3
Rd2 35. Bf3 Bd4 36. Bxd4 Rxd4 37. a5 Rb4 38. Kg3 Kf8 39. Bd5 Rb5 40. Nc3 Rxb2
41. Kf4 b6 42. axb6 Rxb6 43. Ke5 a5 44. Ne4 a4 45. Kd4 a3 46. Kc3 Kg7 47. Bb3
Ra6 48. Ba2 h5 49. Nc5 Rb6 50. Bb3 h4 51. Ne4 h3 52. Nf2 h2 53. Nh1 Rb5 54. Bc4
Rc5 0-1

[Event "Druzynowe Mistrzostwa Polski - II liga"]
[Site "Sypniewo k. Jastrowia"]
[Date "1899-12-30"]
[Round "5.44"]
[White "Markowski, Damian"]
[Black "Bes, Michal"]
[Result "0-1"]
[WhiteTitle "FM"]
[BlackTitle "k"]
[WhiteElo "2202"]
[BlackElo "2130"]

1. d4 Nf6 2. Nf3 d5 3. Bf4 c6 4. Nbd2 Bf5 5. c4 e6 6. Qb3 Qb6 7. c5 Qxb3 8. axb3
Na6 9. Ra4 Nh5 10. Bg3 Nxg3 11. hxg3 Nc7 12. e3 h6 13. Be2 f6 14. Nh4 Bc2 15.
Bh5+ Kd7 16. Ng6 Rg8 17. Ke2 Be7 18. Rc1 Bxg6 19. Bxg6 f5 20. Rh1 Rgf8 21. Kd1
Nb5 22. Kc2 Nc7 23. f4 Rf6 24. Nf3 Nb5 25. Ne5+ Kc7 26. Rh3 a6 27. Ra1 Rd8 28.
Kd3 Kc8 29. b4 Nc7 30. Rah1 Rff8 31. g4 fxg4 32. Rg3 Bf6 33. Nxg4 Be7 34. Ne5
Kb8 35. Rh5 Ka7 36. Ke2 Bf6 37. Bd3 Kb8 38. Rg6 Bxe5 39. Rxe5 Rd7 40. Rh5 Re7
41. g4 Ne8 42. Re5 Nc7 43. Kf3 Kc8 44. Kg3 Rff7 45. g5 hxg5 46. Rexg5 Kb8 47.
Rh5 Rf8 48. Rh7 Rg8 49. Kh4 Ne8 50. Kh3 Kc7 51. Kg2 Kd8 52. Kf3 Rf8 53. Rg5 Rg8
54. Bg6 Nf6 55. Rh1 Rf8 56. Rg2 Nd7 57. Ke2 Nf6 58. Rgh2 Kc7 59. Rh8 Rxh8 60.
Rxh8 Kd7 61. Kf3 Kc7 62. Kg3 Rd7 63. f5 exf5 64. Bxf5 Rd8 65. Rxd8 Kxd8 66. Kf4
Kc7 67. Ke5 Nh5 68. Bg6 Ng3 69. Bd3 Nh1 70. Kf4 Nf2 71. Bc2 Nh3+ 72. Kg4 Nf2+
73. Kg3 Ne4+ 74. Bxe4 dxe4 75. Kf4 Kd7 76. Kxe4 Ke6 77. Kf4 Kd5 78. b3 g6 79.
Kf3 g5 80. Kg4 Ke4 81. Kxg5 Kxe3 82. Kf5 Kxd4 83. Ke6 Kc3 84. b5 axb5 85. Kd6
Kxb3 86. Kc7 Kc4 0-1

[Event "Druzynowe Mistrzostwa Polski - II liga"]
[Site "Sypniewo k. Jastrowia"]
[Date "1899-12-30"]
[Round "5.45"]
[White "Walentukiewicz, Michal"]
[Black "Chalupnik, Marcin"]
[Result "1-0"]
[WhiteTitle "CM"]
[BlackTitle "k++"]
[WhiteElo "2066"]
[BlackElo "2174"]

1. e4 c5 2. Nf3 d6 3. d4 cxd4 4. Nxd4 Nf6 5. Nc3 g6 6. g3 Bg7 7. Bg2 O-O 8. O-O
Nc6 9. Nde2 Bd7 10. h3 a6 11. a4 Rc8 12. g4 Nb4 13. Be3 Bc6 14. Bd4 Qa5 15. Qd2
e5 16. Be3 Rfd8 17. g5 Nd7 18. Na2 Qxa4 19. Nxb4 Qb5 20. Nxc6 Rxc6 21. Rfb1 Bf8
22. Nc3 Qc4 23. Bf1 Qe6 24. Nd5 h6 25. gxh6 f5 26. exf5 gxf5 27. f4 Bxh6 28. Bg2
e4 29. c3 Kh7 30. Nb4 Rcc8 31. Qd5 Qg6 32. Ra5 Nc5 33. Rf1 Rg8 34. Rf2 b6 35.
Ra1 a5 36. Nc6 Rxc6 37. Qxc6 Nd3 38. Raf1 Bxf4 39. Bxf4 Nxf4 40. Qd7+ Kh8 41.
Qe7 Nxg2 42. Kh1 f4 43. Rd2 Qg3 44. Qf6+ Kh7 45. Qf5+ Rg6 46. Rxd6 Nh4 47. Rd7+
Kh6 48. Qf8+ Kh5 49. Rh7+ Kg5 50. Rg1 1-0

[Event "Druzynowe Mistrzostwa Polski - II liga"]
[Site "Sypniewo k. Jastrowia"]
[Date "1899-12-30"]
[Round "5.46"]
[White "Warszawski, Bartosz"]
[Black "Bienias, Piotr"]
[Result "1-0"]
[WhiteTitle "m"]
[BlackTitle "I++"]
[WhiteElo "2169"]
[BlackElo "1898"]

1. e4 c5 2. Nc3 e6 3. Nf3 d5 4. exd5 exd5 5. d4 Nc6 6. Bb5 a6 7. Bxc6+ bxc6 8.
O-O Nf6 9. Re1+ Be6 10. Ne5 Qc8 11. Na4 Rb8 12. dxc5 Rb5 13. c4 dxc4 14. Nxc4
Qb8 15. Qf3 Nd5 16. b3 Bxc5 17. Nxc5 Rxc5 18. Ba3 Nb4 19. Nd6+ Ke7 20. Qxf7+ 1-0

[Event "Druzynowe Mistrzostwa Polski - II liga"]
[Site "Sypniewo k. Jastrowia"]
[Date "1899-12-30"]
[Round "5.47"]
[White "Kowalczyk, Wojciech"]
[Black "Kaim, Piotr"]
[Result "1/2-1/2"]
[WhiteTitle "I"]
[BlackTitle "m"]
[WhiteElo "1893"]
[BlackElo "2166"]

1. e4 c6 2. Nc3 d5 3. Nf3 dxe4 4. Nxe4 Nf6 5. Qe2 Bg4 6. Nxf6+ gxf6 7. h3 Bh5 8.
d3 e6 9. g4 Bg6 10. Bd2 Na6 11. O-O-O Qb6 12. Nh4 Nb4 13. Bxb4 Bxb4 14. f4 O-O-O
15. c3 Bd6 16. f5 exf5 17. gxf5 Qa5 18. fxg6 hxg6 19. Qg4+ Kb8 1/2-1/2

[Event "Druzynowe Mistrzostwa Polski - II liga"]
[Site "Sypniewo k. Jastrowia"]
[Date "1899-12-30"]
[Round "5.48"]
[White "Bednarska-bzdega, Malgorzata"]
[Black "Smietanska, Wiktoria"]
[Result "1/2-1/2"]
[WhiteTitle "WFM"]
[BlackTitle "CM"]
[WhiteElo "1946"]
[BlackElo "1726"]

1. e4 c6 2. d4 d5 3. exd5 cxd5 4. c4 Nf6 5. Nc3 Nc6 6. Nf3 Bg4 7. cxd5 Nxd5 8.
Be2 e6 9. O-O Be7 10. Be3 Bf6 11. Ne4 Be7 12. Qb3 Qb6 13. Qxb6 Nxb6 14. Rfd1 Nd5
15. Nc3 Rd8 16. Nxd5 Rxd5 17. h3 Bh5 18. g4 Bg6 19. Bc4 Rd8 20. d5 exd5 21. Bxd5
Rxd5 22. Rxd5 Be4 23. Rf5 Bxf5 24. gxf5 O-O 25. Rd1 Rd8 26. Rxd8+ Bxd8 27. Nd4
Nb4 28. Nb5 a6 29. Nd6 b5 30. a3 Nd5 31. Ne4 Be7 32. Kf1 Nf6 33. Nxf6+ Bxf6 34.
b3 Kf8 35. Ke2 Ke7 36. Kd3 Kd6 37. Ke4 Bb2 38. a4 bxa4 39. bxa4 f6 40. f3 Ba3
41. Bd4 Bc5 42. Bc3 Kc6 43. Bd2 Bd6 44. Be3 Bc7 45. Bd4 Kd6 46. Be3 Ba5 47. Bd4
Bb4 48. Be3 Kc6 49. Bd4 Bc5 50. Bc3 Bf2 51. Bb4 Bc5 52. Bc3 Kd6 53. Bd2 Ba3 54.
Be3 Kc6 55. Bd4 Bc5 56. Bc3 Bf2 57. Bb4 Bc5 1/2-1/2

[Event "Druzynowe Mistrzostwa Polski - II liga"]
[Site "Sypniewo k. Jastrowia"]
[Date "1899-12-30"]
[Round "5.49"]
[White "Mickiewicz, Piotr"]
[Black "Szewczyk, Mariusz"]
[Result "1-0"]
[WhiteTitle "m"]
[BlackTitle "k"]
[WhiteElo "2308"]
[BlackElo "2119"]

1. c4 e5 2. Nc3 Nf6 3. Nf3 Nc6 4. d3 d5 5. cxd5 Nxd5 6. g3 Be7 7. Bg2 Be6 8. O-O
O-O 9. Bd2 h6 10. Rc1 Qd7 11. Ne4 Bh3 12. Nc5 Bxc5 13. Bxh3 Qxh3 14. Rxc5 Nf6
15. Qa4 Ng4 16. Rxc6 bxc6 17. Rc1 f5 18. Rxc6 e4 19. dxe4 Rad8 20. Bc3 fxe4 21.
Rxc7 Nf6 22. Qxa7 Rd1+ 23. Ne1 Nd7 24. Qe3 Nf6 25. Qa7 Nd7 26. Qb7 Qf5 27. f4
exf3 28. exf3 Rf7 29. Kg2 Qe6 30. Qe4 Qxa2 31. Nd3 Qb1 32. Rxd7 Rxd3 33. Qe8+
Kh7 34. Qe4+ Kg8 35. Qe8+ Kh7 36. Rxf7 Qc2+ 37. Kh3 Rxc3 38. bxc3 Qg6 39. Rf8
1-0

[Event "Druzynowe Mistrzostwa Polski - II liga"]
[Site "Sypniewo k. Jastrowia"]
[Date "1899-12-30"]
[Round "5.50"]
[White "Kowalec, Maciej"]
[Black "Mazurkiewicz, Michal"]
[Result "1-0"]
[WhiteTitle "k"]
[BlackTitle "CM"]
[WhiteElo "2070"]
[BlackElo "2193"]

1. d4 d6 2. e4 Nf6 3. Nc3 c6 4. f4 Qb6 5. Nf3 Bg4 6. Be2 e6 7. e5 Nfd7 8. exd6
Bxd6 9. Ne4 Be7 10. c3 Nf6 11. Nxf6+ Bxf6 12. Ne5 Bf5 13. Qb3 Nd7 14. Be3 Nxe5
15. fxe5 Bh4+ 16. g3 Be4 17. Rf1 Be7 18. O-O-O O-O 19. h4 Qc7 20. Rf4 Bg2 21.
Rg1 Bh3 22. Rh1 Bg2 23. Rh2 Bd5 24. c4 c5 25. cxd5 cxd4+ 26. Kb1 dxe3 27. d6 Bxd6
28. exd6 Qxd6 29. Qxe3 Rac8 30. Rh1 e5 31. Rc4 Rce8 32. h5 f5 33. Rd1 Qf6 34.
Rc7 f4 35. Qe4 fxg3 36. Rdd7 g2 37. Qxg2 1-0

[Event "Druzynowe Mistrzostwa Polski - II liga"]
[Site "Sypniewo k. Jastrowia"]
[Date "1899-12-30"]
[Round "5.51"]
[White "Maciaga, Marcin"]
[Black "Litner, Igor"]
[Result "1-0"]
[WhiteTitle "k+"]
[BlackTitle "I++"]
[WhiteElo "2116"]
[BlackElo "1983"]

1. g3 Nf6 2. c4 d6 3. Bg2 g6 4. Nc3 c6 5. e4 Bg7 6. Nge2 e5 7. O-O O-O 8. d3 Nbd7
9. h3 Nc5 10. b4 Ne6 11. Be3 Bd7 12. Rb1 Ne8 13. Qd2 N8c7 14. d4 exd4 15. Nxd4
Nxd4 16. Bxd4 Be6 17. Bxg7 Kxg7 18. Rfd1 Qe7 19. b5 c5 20. Qxd6 Qxd6 21. Rxd6
Bxc4 22. e5 Rab8 23. b6 axb6 24. Rdxb6 Rfd8 25. Rxb7 Rxb7 26. Rxb7 Ne6 27. Bf1
Rd4 28. a4 Bxf1 29. Kxf1 Rc4 30. Nb5 Rxa4 31. Nd6 Nd8 32. Rd7 Ra8 33. Rc7 Ra5
34. Rd7 Ra8 35. Ke2 g5 36. f4 gxf4 37. gxf4 Kg6 38. f5+ Kg5 39. Nxf7+ Kxf5 40.
Nxd8 Kxe5 41. Nc6+ Kf4 42. Rxh7 Kg3 43. Ne7 Ra3 44. h4 Kg4 45. h5 Kg5 46. Ng8
Ra6 47. h6 Rg6 48. Rc7 Rxg8 1-0

[Event "Druzynowe Mistrzostwa Polski - II liga"]
[Site "Sypniewo k. Jastrowia"]
[Date "1899-12-30"]
[Round "5.52"]
[White "Rzeszowski, Dominik"]
[Black "Krasiewicz, Robert"]
[Result "1-0"]
[WhiteTitle "I++"]
[BlackTitle "k+"]
[WhiteElo "1863"]
[BlackElo "2050"]

1. e4 g6 2. d4 Bg7 3. Nc3 d6 4. Be3 a6 5. Qd2 b5 6. h4 h5 7. f3 Nf6 8. O-O-O c6
9. Kb1 Qc7 10. Bf4 Be6 11. Nh3 Bxh3 12. Rxh3 O-O 13. e5 Ne8 14. exd6 exd6 15.
g4 Nf6 16. gxh5 Nxh5 17. Ne4 Rd8 18. Qh2 Nxf4 19. Qxf4 Ra7 20. h5 d5 21. Nf6+
Kf8 22. Qh4 Qe7 23. Nh7+ Kg8 24. hxg6 Qxh4 25. Rxh4 fxg6 26. Bd3 Rd6 27. Re1 Nd7
28. c3 Nf8 29. Nxf8 Bxf8 30. Rg4 Rg7 31. Re8 Rf6 32. f4 Kf7 33. Ra8 Rh7 34. Ra7+
Be7 35. Bxg6+ Rxg6 36. Rxe7+ Kxe7 37. Rxg6 Kd7 38. f5 Rh1+ 39. Kc2 Rf1 40. Rf6
Rf2+ 41. Kb3 a5 42. Rf7+ Kd6 43. a4 b4 44. cxb4 Rf3+ 45. Ka2 axb4 46. a5 c5 47.
a6 c4 48. a7 Rf1 49. Rh7 b3+ 50. Ka3 Ra1+ 51. Kb4 Ra2 52. f6 Kc6 53. f7 Rxa7 54.
Rh6+ Kc7 55. f8=Q Rb7+ 56. Kc5 1-0